000 00951nam a22002537a 4500
005 2011121906566.0
008 111219t xxu||||| |||| 00| 0 eng d
010 _aENG-104390
020 _a9788175156128
_c450.00
035 _aEN -87923
037 _bDBAD/PUB
040 _aDPL
_bEng
082 _a621.3
100 _936352
_aKarna, Satish K.
245 _aTheory, objective questions with detailed solutions in electrical for competitions /
_cby Satish K. Karna; compiled by Vibha Karna
260 _aNew Delhi
_bGalgotia Publications
_c2010
270 _a5, Ansari Road, Darya Ganj,
_bNew Delhi
_e110002
300 _avi,1158p. :
_c28cm(pbk)
_bill.
600 _936476
610 _936477
700 _aKarna, Vibha
_937118
942 _2ddc
_cEN
_mKAR
_h621.3
999 _c59611
_d59611